00882 2200217 4500001002100000005001500021035002000036245010600056250000900162300002700171856001700198260003400215082001100249084001700260020002200277600002300299520031200322990001000634990001000644990001000654INLIS00000000000043220220328032816 a0010-0322000126 aManajemen Keuangan :bBerbasis Balanced Scorecard Pendekatan Teori, Kasus dan Riset Bisnis /cHarmono aEd.1 axi+244 hlm ;c15x23 cm aIlmu Terapan aJakarta :bBumi Aksara,c2018 a658.15 a658.15 HAR m a978-979-010-504-1 4aManajemen Keuangan aBuku Manajemen Keuangan ini dirancang berdasarkan Road-map teori-teori keuangan yang eligible, disusun secara kronologis dan terpadu dalam kerangka empat perspektif pengelolaan, yaitu perspektif keuangan, proses bisnis internal, learning and growth perspective (MSDM), dan Berbasis Balanced Scorecard (BSC). a68637 a68638 a68639